00809 2200277 4500001002100000005001500021035002500036007000300061008004100064040001700105090002200122090002100144100002400165245008100189250001800270260003600288300004100324850001200365020002200377082001600399084001800415650002300433504003300456999002100489990002100510YOGYA00000000008614920200624110814 a0010-081400000085866ta131204s2013 yoia g ind d aYOPDYOGbind aDEP 004.678 BAM m aCB-D.11 2013-2360 aBambang Eka Purnama00aMembangun toko online dengan WP Commerce TTD /cpenulis, Bambang Eka Purnama aEd. 1, cet. 13 aYogyakarta :bGraha Ilmu,c2013 ax, 118 halaman :bilustrasi ;c26 cm aYOPDYOG a978-979-756-989-104222a004.678 a004.678 BAM m 4aTeknologi Industri aBibliografi: halaman 115-117 aCB-D.11/2013-236 aCB-D.11/2013-236